Temas selectos de inmunología veterinaria / (Registro nro. 24020)

Detalles MARC
000 -LEADER
fixed length control field 01514nam a2200277 4500
001 - CONTROL NUMBER
control field 0000020530
003 - CONTROL NUMBER IDENTIFIER
control field CO-CtgCURN
005 - DATE AND TIME OF LATEST TRANSACTION
control field 20250331185239.0
007 - PHYSICAL DESCRIPTION FIXED FIELD--GENERAL INFORMATION
fixed length control field ta
008 - FIXED-LENGTH DATA ELEMENTS--GENERAL INFORMATION
fixed length control field 160627s2005 000 0 eng d
020 ## - INTERNATIONAL STANDARD BOOK NUMBER
International Standard Book Number 9707291621
040 ## - CATALOGING SOURCE
Original cataloging agency CO-CtgCURN
Language of cataloging spa
Transcribing agency coctgcurn
082 0# - DEWEY DECIMAL CLASSIFICATION NUMBER
Classification number 636.089
Item number M765
100 1# - MAIN ENTRY--PERSONAL NAME
Personal name Montaño Hirose, Juan Antonio.
245 10 - TITLE STATEMENT
Title Temas selectos de inmunología veterinaria /
Statement of responsibility, etc. Juan Antonio Montaño Hirose.
260 ## - PUBLICATION, DISTRIBUTION, ETC.
Place of publication, distribution, etc. Mexico :
Name of publisher, distributor, etc. Manual Moderno,
Date of publication, distribution, etc. 2005.
300 ## - PHYSICAL DESCRIPTION
Extent 220 p.: il.
336 ## - CONTENT TYPE
Source rdacontent
337 ## - MEDIA TYPE
Source rdamedia
Media type term sin mediacion
Media type code n
338 ## - CARRIER TYPE
Source rdacarrier
Carrier type term volumen
Carrier type code nc
505 8# - FORMATTED CONTENTS NOTE
Formatted contents note Contenido: Historia de la inmunología.--Bases moleculares de la formacion de anticuerpos y del receptor de linfocitos T.--Anticuerpos monoclonales.--Sistema inmunitario y apoptosis.--Inmunidad mediada por celulas y enfermedades virales.--Complejo principal de histocompatibilidad.--Dermatitis alergicas y autoinmunitarias en perros y gatos.--Tejido linfoide relacionado con intestinos.--Microfagos, celulas dentritica y celulas y/o: intersección de la resistencia y la inmunidad.--Inmunología aviar.--Caracteristicas de la respuesta inmunitaria del cerdo.--Inmunizacion en perros y gatos.--Perfiles serologicos para evaluar el estado sanitario de las granjas porcinas.--Diagnostico inmunologico
650 14 - SUBJECT ADDED ENTRY--TOPICAL TERM
Topical term or geographic name entry element Inmunología.
908 ## - PUT COMMAND PARAMETER (RLIN)
Put command parameter 160627
942 ## - ADDED ENTRY ELEMENTS (KOHA)
Koha item type Libros
Classification part 636.089
Item part M765
Source of classification or shelving scheme Dewey Decimal Classification
Existencias
Withdrawn status Lost status Source of classification or shelving scheme Damaged status Not for loan Collection Home library Current library Shelving location Date acquired Inventory number Total checkouts Full call number Barcode Date last seen Price effective from Koha item type Public note
    Dewey Decimal Classification     General Miguel Henríquez Castañeda Miguel Henríquez Castañeda General 03/31/2025 015621   636.089 M765 015621 03/31/2025 03/31/2025 Libros 630-AGRICU